| 000 | 01711nam a2200325 a 4500 | ||
|---|---|---|---|
| 003 | CO-CtgCURN | ||
| 005 | 20250329165458.0 | ||
| 008 | 160531s2015 000 0 eng d | ||
| 040 |
_aCO-CtgCURN _bspa _ccoctgcurn |
||
| 082 | 0 |
_aMEC 2015 _bN677f |
|
| 100 | 1 | _aNieto Herrera, Jenifer. | |
| 245 | 1 | 0 |
_aFormulación de un plan de negocio para el montaje del laboratorio y almacen dental Kamali / _cJenifer Nieto Herrera ; coinvestigadores, Maria Berdugo Villanueva, Lily Esther Bello Luna, Katherine Diaz Guerrero ; asesor, Ingrid Gonzalez Arteta. |
| 260 |
_aCartagena de Indias : _bCorporacion Universitaria Rafael Nuñez, _c2015. |
||
| 300 | _a1 CD-Rom. | ||
| 336 | _2rdacontent | ||
| 337 |
_2rdamedia _asin mediacion _bn |
||
| 338 |
_2rdacarrier _avolumen _bnc |
||
| 500 | _aSe encuentra disponible en medio digital en el Repositorio Institucional. | ||
| 502 | _aTrabajo de grado (Tecnologo en Mecanica Dental). Corporacion Universitaria Rafael Nuñez. Facultad de Ciencias de la Salud. Tecnologia en Mecanica Dental, 2015. | ||
| 504 | _aIncluye bibliografia. | ||
| 590 | _aTecnologia en Mecanica Dental | ||
| 650 | 0 |
_aMecánica dental _vTesis y disertaciones academicas. |
|
| 700 | 1 |
_aBerdugo Villanueva, Maria, _ecoinvestigador. |
|
| 700 | 1 |
_aBello Luna, Lily Esther, _ecoinvestigador. |
|
| 700 | 1 |
_aDiaz Guerrero, Katherine, _ecoinvestigador. |
|
| 700 | 1 |
_aGonzalez Arteta, Ingrid, _easesor. |
|
| 856 | 7 |
_uhttps://unicurn.sharepoint.com/:b:/s/biblioteca/ESOnfILZtvFKi9GWVn5KgQcBIzdCLgyShPL7_q3UBooDZA?e=AKIgae _zClick aqui para ver el recurso en texto completo |
|
| 942 |
_hMEC 2015 _iN677f _2ddc _cTG |
||
| 999 |
_c5386 _d5386 |
||